000 00898nam a22001337a 4500
040 _cRUA
082 _aAGR KOE 2010 B064 Or.1
100 _aKOEURNG, NARITH.
245 _aeffet de la fertigation d'engrais chimiion experque et biologique par irrigation goutte a goutte sur bok choy a la station experimentale de l'universite royale d'agriculture (ឥទ្ធិពលនៃការស្រោចស្រពជីគីមី និង ជីអីអឹមកាត់តាមប្រព័ន្ធស្រោចស្រពដោយដំណក់ក្នុងស្ថានីយ៍ពិសោធន៍ដំណាំសាកលវិទ្យាល័យភូមិន្ទកសិកម្ម)
260 _aPhnom Penh
_bRUA
_c2010
300 _aix, 44p.
_bill.
_c29cm.
856 _uhttps://drive.google.com/file/d/1wV7bidalz6Gh0uJxfcxC_yO3hV4QEHIh/view?usp=sharing
942 _cAGR
999 _c1459
_d1459